000
00355nam a2200157Ia 4500
003
OSt
005
20240209114108.0
008
170524s9999 xx 000 0 und d
020
_a
9788120350724
040
_c
IIMT
100
_a
Kaul - Asha
245
0
_a
Effective Business Communication
260
_b
New Delhi- PHI
260
_c
2007
942
_2
ddc
_c
02
999
_c
7548
_d
7548